LEADER 00845nam0-22003131i-450- 001 990003236540403321 035 $a000323654 035 $aFED01000323654 035 $a(Aleph)000323654FED01 035 $a000323654 100 $a20000920d1902----km-y0itay50------ba 101 0 $aITA 102 $aIT 200 1 $a<>zone di produzione e il loro equilibrio$fGiulio Concina. 210 $aTorino$cFratelli Bocca$d1902. 215 $a180 p.$d22 cm 610 0 $aImprese$aLocalizzazione 610 0 $aStoria economica 676 $aE/0 676 $aF/3.112 700 1$aConcina,$bGiulio$0129254 801 0$aIT$bUNINA$gRICA$2UNIMARC 901 $aBK 912 $a990003236540403321 952 $aE/0 CON$b6193/RI$fSES 959 $aSES 996 $aZone di produzione e il loro equilibrio$9449053 997 $aUNINA DB $aING01 LEADER 01055nam--2200349---450 001 990001414790203316 005 20200903064453.0 035 $a000141479 035 $aUSA01000141479 035 $a(ALEPH)000141479USA01 035 $a000141479 100 $a20040211d2001----km-y0itaa50------ba 101 0 $arus 102 $aRU 105 $ay|||z|||001yy 200 1 $aRomany ; Belaja gvardija ; Teatral'nyj Roman ; Master i Margarita$fMichail Bulgakov 210 $aLeningrad$bChudozestvennaja Literatura$c1978 215 $a811 p.$c1 ritratto$d20 cm 410 0$12001 454 1$12001 541 $aRomanzi 541 $a<> guardia bianca 541 $a<> romanzo teatrale 541 $a<> Maestro e Margherita 700 1$aBULGAKOV,$bMihail Afanas?evi?$0222457 801 0$aIT$bSalbc$cISBD 912 $a990001414790203316 951 $aVIII.1.B. 146(II r A 172)$b84775 L.M.$cII r 959 $aBK 969 $aUMA 996 $aRomany ; Belaja gvardija ; Teatral'nyj Roman ; Master i Margarita$92842750 997 $aUNISA LEADER 01300nam 2200349Ia 450 001 996396298103316 005 20221108055911.0 035 $a(CKB)4330000000348071 035 $a(EEBO)2248513379 035 $a(OCoLC)09649598 035 $a(EXLCZ)994330000000348071 100 $a19830627d1698 uy | 101 0 $aeng 135 $aurbn||||a|bb| 200 12$aA sermon preach'd to the Societies for Reformation of Manners in the cities of London and Westminster at Salters-Hall, Aug 15, 1698$b[electronic resource] $epreached and published at the desire of the said Societies /$fby Vincent Alsop 210 $aLondon $cPrinted by John Lawrence$d1698 215 $a[8], 53, [1] p 300 $aReproduction of original in the Harvard University Library. 330 $aeebo-0062 606 $aSermons, English$y17th century 607 $aGreat Britain$xMoral conditions$vSermons 615 0$aSermons, English 700 $aAlsop$b Vincent$f1629 or 30-1703.$0792737 801 0$bUMI 801 1$bUMI 801 2$bm/c 801 2$bUMI 801 2$bWaOLN 906 $aBOOK 912 $a996396298103316 996 $aA sermon preach'd to the Societies for Reformation of Manners in the cities of London and Westminster at Salters-Hall, Aug 15, 1698$92398179 997 $aUNISA